Synergistic effects between red phosphorus and alumina trihydrate flame retardant silicone rubber composites (Record no. 70118)

MARC details
000 -LEADER
fixed length control field 01396nam a2200205Ia 4500
100 ## - MAIN ENTRY--AUTHOR NAME
Personal name Zhuo JL
245 #0 - TITLE STATEMENT
Title Synergistic effects between red phosphorus and alumina trihydrate flame retardant silicone rubber composites
260 ## - PUBLICATION, DISTRIBUTION, ETC. (IMPRINT)
Name of publisher Plastics, Rubber and Composites Macro molecular Engineering
Year of publication 2013
300 ## - PHYSICAL DESCRIPTION
Number of Pages 239-243
520 ## - SUMMARY, ETC.
Summary, etc The synergistic flame retardant effects between red phosphurus (RP) and alumina trihydrate (ATH) in silicone rubber (SR) composites were evaluated using limiting oxygen index. UL 94 rating, cone calorimeter, thermogravimetric analysis and digital photographs. It has been found that the SR composite containing only ATH does not show good flame retardancy at 39.0 wt-;loading. The cone calorimeter results showed that the heat release rate, mass loss rate, mass and total heat release of SR/ATH/RP composites decrease greatly in comparison with the SR/ATH composites. The digital photographs demonstrated that 1.0 wt-;RP could promote the formation of the homogenous and compact char layer. Thus, a suitable amount of RP has synergistic effect with ATH in the flame retardant SR composite system.
650 ## - SUBJECT ADDED ENTRY--TOPICAL TERM
Topical Term Alumina trihydrate
650 ## - SUBJECT ADDED ENTRY--TOPICAL TERM
Topical Term Flame retardant
650 ## - SUBJECT ADDED ENTRY--TOPICAL TERM
Topical Term Red phosphorus
650 ## - SUBJECT ADDED ENTRY--TOPICAL TERM
Topical Term Silicone rubber
700 ## - ADDED ENTRY--PERSONAL NAME
Personal name Chen XL
700 ## - ADDED ENTRY--PERSONAL NAME
Personal name Dong J
700 ## - ADDED ENTRY--PERSONAL NAME
Personal name Jiao CM
942 ## - ADDED ENTRY ELEMENTS (KOHA)
Koha item type Journals
Holdings
Withdrawn status Lost status Damaged status Not for loan Home library Current library Shelving location Date acquired Serial Enumeration / chronology Koha item type
      Journals RRII Library RRII Library Rubber technology 20/09/2013 Volume 42, Issue 6 Journals